00275nam a2200121Ia 4500008004100000100001700041245003000058260002000088300000900108650001400117942000700131999001500138190216s9999||||xx |||||||||||||| ||und|| aMahalingam M 0aSome Thoughts On Planning bSrisakthic1973 a149p aEconomics cBK c9443d9443